[Event "Pamplona"]
[Site "Pamplona"]
[Date "1999.12.30"]
[Round "4"]
[White "Short, Nigel D"]
[Black "Almasi, Zoltan"]
[Result "1/2-1/2"]
[WhiteElo "2675"]
[BlackElo "2663"]
[Annotator "Wedberg,T"]
[PlyCount "83"]
[EventDate "1999.12.27"]
[EventType "tourn"]
[EventRounds "9"]
[EventCountry "ESP"]
[EventCategory "15"]
[SourceTitle "CBM 075"]
[Source "ChessBase"]
[SourceDate "2000.04.05"]
[SourceVersion "1"]
[SourceVersionDate "2000.04.05"]
[SourceQuality "1"]

1. e4 e5 2. Nf3 Nc6 3. Bb5 a6 4. Ba4 Nf6 5. O-O Be7 6. Re1 b5 7. Bb3 d6 8. c3
O-O 9. a3 Na5 (9... Be6 {There is a point to this move, since in the símilar
line 9.h3 Be6 White´s best is 10.d4 Bxb3 11.axb3. Now taking back with the a-P
is no longer possible.} 10. d4 (10. Bxe6 fxe6 11. d4 Nh5 (11... Qc8 12. Nbd2
Nd7 13. a4 Nd8 $13 {1/2-1/2 Kharlov,A-Nenashev,A/Moscow 1992/CBM 33 (42)}) 12.
d5 Na5 13. b4 Nc4 14. dxe6 Qe8 $36 {0-1 Azaric,S-Ziatdinov,R/Belgrade 1989/EXT
97 (40)}) 10... Bxb3 (10... Bg4 11. Be3 exd4 12. cxd4 d5 13. e5 Ne4 14. Nbd2
Qd7 15. Qb1 $14 {0-1 Suetin,A-Smagin,S/Moscow 1982/MCD (77)}) 11. Qxb3 Qb8 (
11... d5 12. dxe5 Nxe4 13. Nbd2 Nc5 14. Qd1 d4 15. cxd4 Nxd4 16. b4 Nd3 17. Re4
Ne6 18. Nf1 Nxe5 {0-1 Koehn,P-Smejkal,J/Germany 1999/GER-chT (18)}) (11... Nd7
12. Nbd2 Bf6 13. d5 Na5 14. Qc2 Nb6 15. Nf1 c5 16. dxc6 Qc7 17. Be3 Nac4 18.
Bxb6 Nxb6 19. Ne3 Qxc6 20. Rad1 $14 {1/2-1/2 Suetin,A-Stein,L/Kiev 1964/URS-ch
(47)}) 12. Nbd2 Qb6 13. d5 Na5 14. Qd1 (14. Qa2 c6 (14... c5) 15. b4 Nb7 16.
Nf1 cxd5 17. exd5 Rac8 $13 {1-0 Muhutdinov,M-Shchekachev,A/Moscow 1992/EXT 97 
(32)}) 14... c5 15. b4 Nb7 16. Rb1 Rfc8 17. Nf1 a5 $132 {0-1 Suetin,A-Keres,P/
Tallinn 1965/URS-ch (40)}) 10. Bc2 c5 11. d4 exd4 $146 {[%mdl 8] Taking with
the e-P is a true novelty here. The point is that Black can follow it up with
Bg4.} (11... Qc7 12. Nbd2 (12. b4 cxb4 13. cxb4 Nc4 $13 {1-0 Suetin,A-Lengyel,
L/Sarajevo 1965/MCD (67)}) 12... cxd4 {The standard way to exchange in the Ruy
Lopez.} 13. cxd4 Bg4 (13... Bd7) 14. h3 Bxf3 15. Nxf3 Rac8 16. Re2 $14 {
1-0 Suetin,A-Oldach,E/Bad Wildbad 1997/EXT 99 (32)}) (11... Nc6 12. Qd3 Bg4 13.
Nbd2 cxd4 14. cxd4 exd4 15. Nxd4 Nxd4 16. Qxd4 Rc8 $11 {1/2-1/2 Minic,D-Milic,
B/Beograd 1966/EXT 99 (20)}) 12. cxd4 Bg4 13. Nbd2 (13. d5 Nc4 14. Nbd2 Nxd2
15. Bxd2 Nd7 $13 {/\Bf6}) 13... cxd4 14. h3 Bh5 15. g4 d3 $1 (15... Nxg4 16.
hxg4 Bxg4 17. Nb3 $14) (15... Bg6 16. Nxd4 d5 17. e5 Bxc2 18. Qxc2 Nd7 19. e6
$36) 16. Bxd3 Bg6 17. Nf1 (17. Nd4 d5 $11) 17... d5 18. e5 (18. exd5 Bxd3 19.
Qxd3 Qxd5 20. Qxd5 Nxd5 $11) 18... Ne4 19. Ne3 Nc6 {Already the position isn´t
all that comfortable for White. Short decides to break out with an imaginative
manouvre.} (19... Nc4 $11) 20. Nf5 $5 (20. Qc2 Rc8 21. Nxd5 Nxe5 22. Nxe7+ Qxe7
23. Qd1 Nxd3 24. Qxd3 Rfd8 $17) (20. Bc2 Bc5 21. Bb3 Ne7 22. Nh4 $13) 20...
Bxf5 21. gxf5 Qc8 22. Rxe4 $5 {[%mdl 768]} (22. Qc2 Qxf5 $1 23. Rxe4 dxe4 24.
Bxe4 Qxh3 25. Qxc6 Rac8 26. Qb7 Bc5 $40) 22... dxe4 23. Bxe4 Rd8 24. Qf1 {
White has a P and some Q-side pressure for the exchange.} Na5 25. Bf4 (25. Bxa8
Qxf5 $1 $17) 25... Qc4 {Black goes for a draw.} (25... Nb3 26. Re1 Ra7 {
Preserves the material advantage, but White can shift his attention to the
K-side with moves like Qg2, Kh1 and Rg1, so Almasi´s decision is well founded.}
) 26. Qxc4 Nxc4 27. Bxa8 Rxa8 28. b3 Nxa3 $11 29. Rc1 b4 30. Nd4 Bd8 31. Nc6 a5
32. Be3 (32. e6 $142) 32... h6 33. Bd4 Bg5 34. Rc5 a4 35. bxa4 Rxa4 36. e6 fxe6
37. fxe6 b3 38. e7 Bxe7 39. Nxe7+ Kf7 40. Nc6 Rxd4 41. Nxd4 b2 42. Rc7+ 1/2-1/2

[Event "Najdorf Memorial Great fin"]
[Site "Buenos Aires"]
[Date "2000.09.14"]
[Round "3.2"]
[White "Zapata, Alonso"]
[Black "Bologan, Viktor"]
[Result "0-1"]
[WhiteElo "2487"]
[BlackElo "2641"]
[Annotator "Wedberg,T"]
[PlyCount "76"]
[EventDate "2000.09.09"]
[EventType "k.o."]
[EventRounds "4"]
[EventCountry "ARG"]
[SourceTitle "CBM 079"]
[Source "ChessBase"]
[SourceDate "2000.11.21"]
[SourceVersion "1"]
[SourceVersionDate "2000.11.21"]
[SourceQuality "1"]

1. e4 e5 2. Nf3 Nc6 3. Bb5 a6 4. Ba4 Nf6 5. O-O Be7 6. Re1 b5 7. Bb3 d6 8. a4
Bg4 9. c3 O-O 10. d3 Na5 11. Bc2 b4 12. Nbd2 Rb8 13. d4 c5 14. h3 (14. d5 {
Giving up the pressure against e5 makes Black´s life easier.} c4 15. h3 b3 16.
Bb1 Bxf3 17. Nxf3 Nd7 $13 {1/2-1/2 Kavalek,L-Smejkal,J/Ceska Trebova 1997/EXT
98 (35)}) 14... Bxf3 15. Nxf3 Nd7 $5 $146 {[%mdl 8]} (15... bxc3 $6 {giving
away Black´s main trump.} 16. bxc3 cxd4 17. cxd4 Qc7 18. Bg5 h6 19. Bh4 Nc6 20.
Bd3 a5 21. Bb5 $16 {1-0 Jurkovic,A-Matijevic,H/Zagreb 1998/CBM 62 ext (54)}) (
15... b3 16. Bd3 (16. Bb1 Qc7) 16... exd4 17. cxd4 c4 18. Bb1 (18. Bf1 d5)
18... d5 (18... c3 $5 $132 {[%cal Ga5c4]}) 19. Bd2 Nc6 20. Bc3 $14 {1-0 Adams,
M-Kolev,A/Elenite 1993/CBM 38 (39)}) 16. dxe5 $6 {relieving the tension gives
Black an easy game.} (16. Qe2 $5) 16... Nxe5 17. Nh2 (17. Bf4 Bf6 $36) (17.
Nxe5 dxe5 18. Qe2 c4 $13) 17... Bf6 {[%cal Yf6c3] I see no problems for Black
here.} 18. cxb4 Rxb4 19. Ra2 Nac6 20. Bb1 Qb8 $17 {Strong pressure and a nice
anchor point on d4 for the N:s makes Blacks prospects rosy.} 21. f4 Ng6 22. Re2
c4 23. Nf3 Rd8 24. Qe1 Rb3 25. Bc2 Rb7 (25... Rxf3 $1) 26. Bb1 Rb3 27. Bc2 Rxf3
$1 28. gxf3 Nd4 29. Rf2 $4 Nxc2 $1 30. Rxc2 Qb3 $19 31. Qe2 Qxa2 32. Qxc4 Qxc4
33. Rxc4 d5 34. Rc6 dxe4 35. fxe4 Bxb2 36. Bxb2 Rd1+ 37. Kf2 Rd2+ 38. Kg3 Rxb2
0-1

[Event "USA-ch"]
[Site "Modesto"]
[Date "1995.??.??"]
[Round "10"]
[White "Kudrin, Sergey"]
[Black "Ivanov, Alexander"]
[Result "0-1"]
[WhiteElo "2525"]
[BlackElo "2530"]
[Annotator "Wedberg,T"]
[PlyCount "106"]
[EventDate "1995.11.??"]
[EventType "tourn"]
[EventRounds "13"]
[EventCountry "USA"]
[EventCategory "12"]
[SourceTitle "CBM 051"]
[Source "ChessBase"]
[SourceDate "1996.04.01"]
[SourceVersion "1"]
[SourceVersionDate "1996.04.01"]
[SourceQuality "1"]

1. e4 e5 2. Nf3 Nc6 3. Bb5 a6 4. Ba4 Nf6 5. O-O Be7 6. Re1 b5 7. Bb3 d6 8. c3
O-O 9. d3 Na5 10. Bc2 c5 11. Nbd2 Nd7 (11... Nc6) 12. d4 {New. But this is a
well known position with P on h3.} (12. Nf1 Nb6 13. d4 cxd4 14. cxd4 Nc6 15. d5
Nb4 16. Bb1 a5 17. Bd2 Nc4 18. Bc3 Bg4 $6 19. h3 Bxf3 20. Qxf3 $14 {Kudrin,
S-Ivanov,AV/USA-ch/1991}) 12... cxd4 13. cxd4 Nc6 14. Nb3 a5 15. Bd3 Ba6 16. d5
Nb4 17. Bb1 a4 18. Nbd2 (18. Nbd4 $5 exd4 19. a3 Nd3 20. Bxd3 Bf6 21. Bd2 Nc5
22. Bb4 $13) 18... Bc8 19. Nf1 Nc5 20. Be3 Nba6 21. Ng3 g6 $10 22. Bh6 Re8 23.
h3 Bf8 24. Bg5 Be7 25. Bd2 $6 (25. Bh6) 25... Bd7 26. Bc2 b4 27. Nf1 Bb5 28.
Be3 Rb8 $15 29. b3 a3 30. Qd2 h5 31. g4 hxg4 32. hxg4 Bd7 33. N3h2 Kh7 34. Ng3
Bf6 35. Bd1 Rh8 36. g5 Bg7 37. Bg4 Kg8 38. f3 $2 (38. Be2 $142) 38... Bb5 $17 {
><d3} 39. Rec1 Nd3 40. Rc2 Nf4 $1 $19 41. Kh1 Qxg5 42. Rg1 Qf6 43. Rgc1 Qh4 44.
Rc8+ Bf8 45. Rxb8 Nxb8 46. Ngf1 Na6 47. Bxf4 exf4 48. Qxf4 Qf2 49. Qg3 Qb2 50.
Qf4 Nc5 51. Qd2 Bh6 52. Qxb4 Bxc1 53. Qxb5 Bf4 0-1

[Event "Redbus KO"]
[Site "Southend"]
[Date "2000.??.??"]
[Round "1.2"]
[White "Emms, John M"]
[Black "Wells, Peter K"]
[Result "1-0"]
[WhiteElo "2545"]
[BlackElo "2480"]
[Annotator "Wells,P"]
[PlyCount "109"]
[EventDate "2000.04.21"]
[EventType "k.o."]
[EventRounds "4"]
[EventCountry "ENG"]
[SourceTitle "CBM 076"]
[Source "ChessBase"]
[SourceDate "2000.05.31"]
[SourceVersion "1"]
[SourceVersionDate "2000.05.31"]
[SourceQuality "1"]

1. e4 e5 2. Nf3 Nc6 3. Bb5 a6 4. Ba4 Nf6 5. O-O Be7 6. Re1 b5 7. Bb3 d6 8. a4 {
I had expected a side-line of the Spanish but not this one.} Bg4 9. c3 O-O 10.
d3 Na5 11. Bc2 b4 12. Nbd2 (12. cxb4 $2 Nc6 $44 {[%cal Gc6d4,Gc6b4]}) 12... Rb8
13. h3 Bxf3 14. Nxf3 b3 $6 {When it was suggested to me that I might like to
make a few notes to both my games from the Redbus Knockout, my first thought (
which I expressed needless to say without a hint of bitterness ) was that I
didn't understand this game, and if I had done I probably wouldn't have lost
it. This move is a particularly difficult moment. I simply couldn't remember/
work out whether this was something which white should not allow, or whether
it might just look like a tempting 'thorn' to stick in, but one which white's
side would adapt to with equanimity. In the end, vaguely remembering some
games where white has already played d4, and is able to answer this ...b3
advance with the more natural looking Bd3, I decided that I might be winning a
tempo. Soon I came to suspect that there was more to it than that.} ({In
retrospect I now think that it might be better for wait for d4 before
advancing the b-pawn, although here too the positions are obscure and
difficult.} 14... c5 $5 15. d4 b3 16. Bd3 exd4 17. cxd4 c4 18. Bb1 d5 (18... c3
$5 $132 {[%cal Ga5c4]}) 19. Bd2 Nc6 20. Bc3 Rb7 (20... dxe4 $5) 21. Ne5 Nb4 22.
exd5 Qxd5 23. Ng4 Qd7 24. Qf3 Nbd5 25. Bf5 Qc7 26. Nxf6+ Nxf6 27. d5 $16 {
1-0 Adams,M-Kolev,A/Elenite 1993/CBM 38 (39)}) 15. Bb1 c5 16. Bd2 $5 {Another
psychological difficulty I experienced playing this position is that it looks
at first glance as if black has really buried white's bishop and must be doing
well - this was also the view most people expressed to me afterwards. In fact
black's major difficulty is to find a plan. White also can only build very
patiently and slowly, but at least he can build, ( albeit for the moment with
a light-squared bishop hardly worthy of the name and consequently one rook cut
out of the game) and this in any case suits John's style rather well. It is
not critical which 'slow building' moves white chooses here. What slowly
dawned on me is that of course he will simply avoid the d4 push now, and it is
very difficult for black to build the customary counterplay around the
advanced b-pawn, while the useful option of opening the b-file is lost for
ever.} ({Therefore I have to question} 16. d4 $6 Qc7 17. Bd3 exd4 18. cxd4 c4 {
[%csl Gb3,Gc4][%cal Gd6d5]} 19. Bf1 d5 20. exd5 Nxd5 21. Bd2 Bb4 $132 {1/2-1/2
Filipenko,A-Kuporosov,V/Sverdlovsk 1986 (28)}) 16... Nd7 $6 (16... Re8 $5) (
16... h6 {[%cal Gf6h7,Gh7g5] although it has to be borne in mind that white's
restraint from playing d4 is not irreversable.}) 17. Qe2 Re8 18. g3 h6 $6 19.
h4 Nc6 $6 20. Be3 $1 {[%csl Ra6,Rb3][%cal Yd3d4,Yf3d2,Yd2c4,Yd2b3] A useful
reminder that the advance d3-d4 might still be on the cards if I misplace my
pieces for meeting it.} Na5 {Pride swallowed, probably rightly.} 21. Kg2 Qc7
22. Nd2 Nf6 23. Nc4 Nc6 {As John said after the game, my position around here
looked almost identical with that at about move 16, but nonetheless it is not
clear how much worse black is.} (23... Nxc4 24. dxc4 {[%csl Rb3,Rf6][%cal
Yb1d3,Ya1e1,Ye1a1] would allow white to connect his rooks, might leave b3
slightly weak, and above all not improve my chances of ever fonding a useful
square for my king's knight. It might not be obvious to the casual observer,
but for some moves now I have been hoping for a chance to break with ...d5,
and need to keep the knights on for that reason too.}) 24. Qf3 Qd7 {With half
an eye on white's king-side possibilities: for example to play g4-g5 etc.} 25.
Bd2 Bd8 {[%cal Gd8c7,Ge8e6,Gd6d5] I now felt that this slightly contorted
manouevre represented the best chance to get some counterplay with ...d5. Of
course with this piece on c7, any such break will leave the c5 pawn weak too,
but I felt the time for perfectionism had passed.} 26. Ra3 (26. Ne3 $5) 26...
Re6 $6 ({I am sitting here now trying to recall why on earth, apparently
presented with a rare chance to make the break I had long been seeking without
any particularly irksome drawbacks, I declined to do so! I think that
psychologically I was already far too pessimistic, but there muct be more to
it than that. To be honest I think I had some vague worries about the d6
square, but this is not very rigourous to say the least. So,} 26... d5 $1 27.
exd5 Qxd5 28. Qxd5 Nxd5 {seems to be just about OK for black. Usually black
would have to be very wary of this structure - b3, c5 and e5 all have
potential health problems. In the absence of a light-squared bishop it could
be very dubious, but white hardly has one either!} 29. Ne3 ({There are no
tactical problems either:} 29. d4 cxd4 30. Be4 dxc3 $5 31. Bxc3 Nxc3 32. Bxc6
Re6 $15) (29. Nd6 Re6 30. Ne4 Be7 {also doesn't help white.}) (29. f4 $6 Bc7)
29... Nxe3+ 30. Bxe3 Be7 {looks OK. I think it is more than illusion that the
more exchanges there are, the more stupid the bishop on b1 starts to look.})
27. Ne3 Ne7 28. Kg1 h5 $138 (28... d5 29. exd5 Nexd5 30. Nc4 Bc7 (30... e4 31.
dxe4 Nb6 32. Nxb6 Qxd2 $2 (32... Bxb6 33. Bf4 $14) 33. Rd1 Qxb2 34. Nc4) 31.
Qd1 $14) 29. Bc1 g6 30. Nc4 Ng4 $5 {[%cal Ge6f6]} 31. Qd1 {[%csl Rb3]} d5 {
At last. Now black does succeed in generating some counterplay, but it is
rather all in, since b3 is dropping, and with it all of white's pieces get the
chance to participate again. Also the time pressure, Fischer clock not
withstanding, was becoming quite serious.} 32. exd5 Qxd5 33. Rxb3 Rxb3 34. Qxb3
Nxf2 $5 $138 {A rather desparate decision, made with little time. It causes a
little confusion though, and John had missed the idea which added to its
impact. My intended} (34... Rf6 35. Rf1 Nf5 {fails rather sadly to the simple}
36. Nd2 $1 $16 {[%csl Ye4][%cal Yd2e4]}) 35. Kxf2 Rf6+ 36. Ke2 $8 Qf3+ (36...
Nf5 37. Kd1 Nxg3 38. Qb8 Rf2 39. Be3 $16) 37. Kd2 Qxg3 38. Qd1 Nc6 39. Kc2 Rf2+
40. Bd2 Bxh4 {White's king wriggles out. Black can amass a fair number of
passed pawns on the king-side, but once white's pieces emerge} 41. Ba2 $1 {
[%cal Ya2f7] Depressing - the bishop lives!} Kg7 42. Rg1 Rg2 43. Rxg2 Qxg2 44.
Kb1 e4 45. dxe4 Qxe4+ 46. Ka1 Bg3 47. Qf1 {The rest, somewhat affected by
time-trouble, but always headed one way, requires few notes. It is unpleasant
for black that the extra piece is the once buried white-square bishop, and
hence it on the white squares that havoc is reaked.} f5 48. Nb6 Ne7 49. Nd7
Qxa4 50. Nxc5 Qe8 51. Ne6+ Kh8 52. Be3 Be5 53. Qg1 Qc6 54. Qg5 Qh1+ 55. Bb1 {
And so to the 10 minute games, where John's greater composure in the 2nd and
rather scrappy game enabled him to win by seconds!} 1-0

[Event "Herzliya"]
[Site "Herzliya"]
[Date "1998.09.07"]
[Round "2"]
[White "Liss, Eran"]
[Black "Wells, Peter K"]
[Result "1/2-1/2"]
[WhiteElo "2505"]
[BlackElo "2515"]
[Annotator "Wells,P"]
[PlyCount "82"]
[EventDate "1998.09.??"]
[EventType "tourn"]
[EventRounds "11"]
[EventCountry "ISR"]
[EventCategory "10"]
[SourceTitle "EXT 1999"]
[Source "ChessBase"]
[SourceDate "1998.11.16"]
[SourceVersion "1"]
[SourceVersionDate "1998.11.16"]
[SourceQuality "1"]

1. e4 e5 2. Nf3 Nc6 3. Bb5 a6 4. Ba4 Nf6 5. O-O Be7 6. Re1 b5 7. Bb3 d6 8. c3
O-O 9. d3 Na5 10. Bc2 c5 11. Nbd2 Re8 12. Nf1 h6 13. d4 Qc7 14. d5 Bd7 $2 {
[%mdl 16384] I decided to commentate this far from pleasant afternoon's
experience largely because I think this moment is highly instructive and the
key point far from obvious.  As so often in the Closed Spanish black is kept
guessing whether white will try to generate play on the king-side, the
queen-side or both. The problem with this rather 'routine' development is that,
while the move fits in fine in the event that white commences queen-side play,
it is quite innappropriate for handling the plan which my opponent sensibly
opted for in the game. Simply, when white plays for the advance f2-f4, it is
very important for black to have the possibility to capture ...exf4 and then
manouevre his f6 knight, via d7(!) to e5. Since black also has to beware that
his a5 knight does not become a bad piece, I should have preferred} (14... Nc4
$1 15. a4 (15. Ng3 {This line is for illustration only, of the advantages for
black if white continues with the same plan as in the game.} Bf8 16. h3 g6 17.
Nh2 Bg7 18. b3 Nb6 19. f4 exf4 20. Bxf4 Nfd7 {[%csl Ye5][%cal Gf6d7,Gd7e5]}) (
15. b3 Nb6 16. Ne3 c4 17. Bd2 Bd7 18. h3 a5 19. Rc1 cxb3 20. axb3 a4 $132 {
Kosten,A-Boudre,J/Cannes 1992/ 0-1 [66]}) 15... Bd7 16. b3 Na5 $1 {This is
what I had failed to understand at move 14. I realised that 16...Nb6? 17 a5
was not satisfactory, but missed that, far from a waste of time, the manouevre
Na5-c4-a5 encourages white to create targets for attack on the queenside,
which would invalidate an attempt to win with the simple, undiluted king-side
onslaught.} 17. Ne3 $6 (17. Ng3 Rec8) 17... c4 $1 {[%csl Rb3]} 18. bxc4 (18. b4
Nb3 $1 {[%csl Re4]} 19. Bxb3 cxb3 20. axb5 axb5 21. Rxa8 Rxa8 22. Qd3 Ra2 $15 {
Wedberg}) 18... Nxc4 19. h3 Rec8 $15 {Adams,M -Kamsky,G/ Dos Hermanos, 1995.
0-1 [46].}) 15. Ng3 Bf8 16. h3 Nc4 17. Nh2 g6 18. b3 Nb6 19. f4 $16 exf4 20.
Bxf4 {[%cal Ye4e5,Yf1f6]} c4 {[%csl Rd4] I felt that it was essential to
create some sort of play before such simple moves as Qd2 and Rf1 overwhelm
black on the king-side. Of course, it is very unpleasant to give the d4 square
as well.} (20... Bg7) 21. b4 (21. Qd2 $5) 21... a5 22. Be3 Bg7 23. Bd4 axb4 24.
Rf1 $5 (24. cxb4) 24... b3 $138 25. Bxf6 bxc2 26. Qxc2 Qc5+ 27. Kh1 Ra3 28.
Bxg7 Kxg7 29. Rf3 b4 $1 $138 30. cxb4 $6 (30. Raf1 $1 Rxc3 31. Rxf7+ (31. Rxc3
bxc3 32. Qxc3+ Kg8 33. Qf6 $16) 31... Kg8 32. Qb2 $5 Na4 {[%csl Rd7]} 33. Qd2
$1 Qe3 34. Qxe3 Rxe3 35. Rxd7 Rxg3 36. Ng4 $16) 30... Qd4 $1 (30... Qxb4 $2 31.
Rb1 $18) 31. Raf1 (31. Rd1 Rxa2 $1 {is what Eran had missed on the previous
move.}) 31... Rxf3 32. Nxf3 Qe3 33. Re1 Ba4 34. Rxe3 (34. Qc1 $1 $16) 34...
Bxc2 35. Re1 Ra8 36. Ra1 Re8 37. Kg1 c3 38. Rc1 Bxe4 39. Rxc3 Bxd5 40. a3 Nc4
41. Rd3 Bxf3 (41... Bxf3 42. Rxf3 Ra8 $11) 1/2-1/2